000 00683nam a2200289Ia 4500
005 20260324144745.0
008 008 260324s9999 xx 000 0 eng d
020 _a9781351071598
037 _aEBOOK
040 _aCRL
040 _beng
040 _cCRL
041 _2eng
041 _aeng
084 _qCRL
100 _aMichael J. Kennish
_91048745
245 0 _aEcology of Estuaries
245 0 _bVolume 1: Physical and Chemical Aspects
260 _bTaylor and Francis
260 _c1986
365 _a
365 _b435
856 _uhttp://www.taylorfrancis.com/books/9781351071598
942 _cEBOOK
999 _c1827507
_d1827507